[Event "39th Olympiad Women"]
[Site "Khanty-Mansiysk RUS"]
[Date "2010.09.23"]
[Round "3"]
[White "Krush,I"]
[Black "Lujan,C"]
[Result "1-0"]
[WhiteElo "2490"]
[BlackElo "2312"]

1.d4 f5 2.c4 Nf6 3.Nc3 d6 4.Bg5 Nbd7 5.e3 g6 6.Bd3 e5 7.f3 Bg7 8.Nge2 O-O
9.O-O c6 10.b4 Qe8 11.Qd2 h6 12.Bh4 g5 13.Bf2 Nb6 14.Ng3 e4 15.fxe4 f4 16.exf4 gxf4
17.Nf5 Bxf5 18.exf5 Ng4 19.Qxf4 Nxf2 20.Rxf2 c5 21.bxc5 dxc5 22.Ne2 Rd8 23.Raf1 cxd4
24.Rf3 Nd7 25.Rg3 Kh8 26.Qh4 Nc5 27.f6  1-0

[Event "39th Olympiad Women"]
[Site "Khanty-Mansiysk RUS"]
[Date "2010.09.27"]
[Round "6"]
[White "Dzagnidze,N"]
[Black "Krush,I"]
[Result "1-0"]
[WhiteElo "2534"]
[BlackElo "2490"]

1.d4 Nf6 2.c4 e6 3.Nc3 c5 4.d5 exd5 5.cxd5 d6 6.Nf3 g6 7.Nd2 Bg7 8.Nc4 O-O
9.Bf4 Ne8 10.Qd2 Bxc3 11.Qxc3 b5 12.Nd2 f5 13.h4 Nf6 14.Bg5 Nbd7 15.h5 Bb7
16.hxg6 hxg6 17.e4 fxe4 18.Bxb5 Ne5 19.Qh3 Bxd5 20.O-O-O Kf7 21.f4 Neg4 22.Bc4 Bxc4
23.Nxc4 Rh8 24.Qb3 Kg7 25.Rxh8 Kxh8 26.Ne5  1-0

[Event "39th Olympiad Women"]
[Site "Khanty-Mansiysk RUS"]
[Date "2010.09.29"]
[Round "8"]
[White "Pogonina,N"]
[Black "Krush,I"]
[Result "1/2-1/2"]
[WhiteElo "2491"]
[BlackElo "2490"]

1.e4 c6 2.d4 d5 3.Nc3 dxe4 4.Nxe4 Bf5 5.Ng3 Bg6 6.Nh3 e6 7.Nf4 Bd6 8.Be2 Nf6
9.O-O Qc7 10.Nxg6 hxg6 11.c4 Nbd7 12.Be3 c5 13.dxc5 Bxc5 14.Bxc5 Qxc5 15.Qd2 a5
16.b3 Qb4 17.Qe3 a4 18.Bf3 O-O 19.Rfb1 axb3 20.Qxb3 Qxb3 21.axb3 Rab8 22.Be2 Rfc8
23.f3 Kf8 24.Kf2 Ne5 25.Ke3 Rc7 26.Ne4 Nxe4 27.Kxe4 Nc6 28.Rd1 Ke7 29.f4 b6
30.Kd3 b5 31.Ke4 bxc4 32.Bxc4 Nb4 33.Ra5 Rcb7 34.Rda1 Nd5 35.Ra7 Nb6 36.Rxb7+ Rxb7
37.Kd4 Nxc4 38.bxc4 Rb2 39.Ra7+ Ke8 40.Ra8+ Ke7 41.Ra7+ Ke8 42.Ra8+ Ke7 43.Ra7+  1/2-1/2

[Event "39th Olympiad Women"]
[Site "Khanty-Mansiysk RUS"]
[Date "2010.10.01"]
[Round "10"]
[White "Cori T.,D"]
[Black "Krush,I"]
[Result "0-1"]
[WhiteElo "2368"]
[BlackElo "2490"]

1.d4 Nf6 2.c4 g6 3.Nf3 Bg7 4.g3 c5 5.d5 b5 6.cxb5 Qa5+ 7.Nc3 Ne4 8.Bd2 Nxd2
9.Qxd2 d6 10.h4 a6 11.e4 Bg4 12.Nh2 Bd7 13.b6 h5 14.Be2 Qxb6 15.Nf3 Bg4 16.Qc2 Bxf3
17.Bxf3 Nd7 18.Be2 Bd4 19.Kf1 Ne5 20.Kg2 Kf8 21.f4 Nd7 22.Rab1 Kg7 23.Rhd1 Qb4
24.a3 Qa5 25.b4 Qc7 26.Na4 Qa7 27.bxc5 Bxc5 28.Rb3 Rab8 29.Rc3 Rb7 30.e5 Rhb8
31.Kh3 Bf2 32.exd6 exd6 33.Bf3 Re8 34.Kg2 Be1 35.Rcd3 Kg8 36.Rd4 Ba5 37.Re4 Rbb8
38.Rb1 Rbc8 39.Rxe8+ Rxe8 40.Qf2 Qc7 41.Rd1 Nf6 42.Nb2 Ng4 43.Bxg4 hxg4 44.f5 Bb6
45.Qd2 Qe7 46.Nd3 Qe4+ 47.Kh2 Qxf5 48.Qg2 Re3 49.Nf4 Rxa3 50.Qb2 Bc5  0-1

[Event "39th Olympiad Women"]
[Site "Khanty-Mansiysk RUS"]
[Date "2010.10.03"]
[Round "11"]
[White "Krush,I"]
[Black "Harika,D"]
[Result "1/2-1/2"]
[WhiteElo "2490"]
[BlackElo "2515"]

1.d4 c5 2.d5 d6 3.e4 Nf6 4.Nc3 g6 5.Nf3 Bg7 6.Bb5+ Bd7 7.a4 O-O 8.h3 Na6
9.O-O Nc7 10.Bxd7 Nxd7 11.Bf4 a6 12.Qe2 Rb8 13.e5 dxe5 14.Nxe5 Nxe5 15.Bxe5 Bxe5
16.Qxe5 Qd6 17.Qxd6 exd6 18.Rfe1 Rfe8 19.Ne4 Kg7 20.Nxd6 Red8 21.Re7 Rxd6
22.Rxc7 Rxd5 23.Ra3 b5 24.Rf3 Rf8 25.axb5 axb5 26.b3 h5 27.h4 Kh6 28.Rc3 c4
29.bxc4 Rd1+ 30.Kh2 b4 31.Rb3 Rd2 32.Kg3 Rxc2 33.Rxb4 g5 34.hxg5+ Kxg5 35.Rb5+ Kg6
36.Rb6+ f6 37.c5 h4+ 38.Kh3 Rxf2 39.c6 Rc2 40.Rd7 Rc8 41.Rd4 R8xc6  1/2-1/2

[Event "North American Open"]
[Site "Las Vegas USA"]
[Date "2010.12.28"]
[Round "5"]
[White "Krush,I"]
[Black "Melekhina,A"]
[Result "0-1"]
[WhiteElo "2495"]
[BlackElo "2280"]

1.d4 Nf6 2.c4 g6 3.Nc3 Bg7 4.e4 d6 5.Be2 O-O 6.Nf3 Bg4 7.Be3 Nfd7 8.Nd2 Bxe2
9.Nxe2 c5 10.O-O Nc6 11.d5 Nd4 12.Nxd4 cxd4 13.Bg5 Re8 14.f4 Qb6 15.Rb1 e6
16.Kh1 exd5 17.cxd5 Nc5 18.Qf3 f6 19.Bh4 Qb4 20.Be1 f5 21.Qh3 fxe4 22.Nxe4 Qc4
23.Ng3 Qxa2 24.Rd1 Qxb2 25.f5 Qc2 26.Bd2 Nd3 27.Qg4 Nb2 28.Rc1 Qxd2 29.fxg6 Nd3
30.Rc7 Qh6 31.gxh7+ Kh8 32.h3 Re1 33.Qf5 Rxf1+ 34.Qxf1 Qg6 35.Nf5 Rf8 36.g4 Ne5
37.Qb1 Qxh7 38.Kg2 Nf7 39.Qxb7 Be5 40.Qxa7 Qg6  0-1

[Event "North American Open"]
[Site "Las Vegas USA"]
[Date "2010.12.29"]
[Round "7"]
[White "Wang,Ph"]
[Black "Krush,I"]
[Result "1/2-1/2"]
[WhiteElo "2317"]
[BlackElo "2495"]

1.d4 Nf6 2.c4 e6 3.Nf3 d5 4.g3 dxc4 5.Bg2 c5 6.O-O Nc6 7.Na3 cxd4 8.Nxc4 Bc5
9.Bf4 Nd5 10.Rc1 f6 11.Qb3 O-O 12.Rfd1 Qe7 13.Ne1 Nxf4 14.gxf4 Qc7 15.Nd3 Be7
16.Nd2 Kh8 17.Bxc6 bxc6 18.Nf3 c5 19.Nxd4 Qb6 20.Nc2 Qxb3 21.axb3 Rb8 22.Ne3 Rxb3
23.Rd2 Rb5 24.Rdc2 Bb7 25.Nxc5 Bxc5 26.Rxc5 Rxb2 27.Rc7 Ba6 28.Rxa7 Bxe2
29.Re7 Rb6 30.Kg2 Bd3 31.Rcc7 Rg8 32.Kf3 h5 33.Rc5 Bg6 34.f5 exf5 35.Nxf5 Rb3+
36.Kg2 Rb4 37.f3 Rf4 38.Ng3 h4 39.Ne2 Rb4 40.Kh3 Rd8 41.f4 Rd2 42.Kxh4 Bd3
43.Rd7 Rxe2 44.Rxd3 Rxf4+ 45.Kg3 Rff2 46.h3 Rg2+ 47.Kf4 Kh7 48.Rcc3 Kh6 49.Rg3 g5+
50.Kg4 Re4+ 51.Kf3 Rge2 52.Rg4 Re6 53.h4 Kh5 54.hxg5 fxg5 55.Rg2 R2e4 56.Rh2+ Kg6
57.Rhc2  1/2-1/2

[Event "Gibraltar Masters"]
[Site "Caleta ENG"]
[Date "2011.02.01"]
[Round "8.20"]
[White "Lemos,D"]
[Black "Krush,I"]
[Result "1-0"]
[WhiteElo "2553"]
[BlackElo "2483"]

1.d4 Nf6 2.Nf3 d5 3.c4 e6 4.Nc3 Bb4 5.Qa4+ Nc6 6.e3 O-O 7.Bd2 dxc4 8.Bxc4 Bd6
9.O-O e5 10.d5 e4 11.Nxe4 Nxe4 12.dxc6 Nxd2 13.Nxd2 bxc6 14.Ne4 Be5 15.f4 Bxb2
16.Rab1 Bf6 17.Qxc6 Bf5 18.Nxf6+ Qxf6 19.Qxf6 gxf6 20.Rb7 a5 21.Rxc7 Rac8
22.Rxc8 Rxc8 23.Bd5 Be6 24.Bxe6 fxe6 25.Rd1 Rc2 26.a4 Ra2 27.Rd4 h5 28.h3 f5
29.e4 fxe4 30.Rxe4 Kf7 31.Re5 Rxa4 32.Rxh5 Ra1+ 33.Kf2 Kf6 34.Kf3 a4 35.Ra5 a3
36.Kg4 a2 37.h4 Kg6 38.Ra6 Kf6 39.h5 Rh1 40.Rxa2 Rh2 41.Re2  1-0

[Event "Gibraltar Masters"]
[Site "Caleta ENG"]
[Date "2011.02.03"]
[Round "10.29"]
[White "Henriksson,Jo"]
[Black "Krush,I"]
[Result "1-0"]
[WhiteElo "2243"]
[BlackElo "2483"]

1.d4 Nf6 2.Nf3 g6 3.g3 Bg7 4.Bg2 c5 5.c4 O-O 6.O-O cxd4 7.Nxd4 Nc6 8.Nc3 Ng4
9.e3 Nxd4 10.exd4 Nh6 11.b3 Nf5 12.Ne2 d5 13.Bxd5 e6 14.Be4 Nxd4 15.Nxd4 Bxd4
16.Ba3 Re8 17.Rb1 e5 18.Bb2 Bxb2 19.Rxb2 Qe7 20.Re1 h5 21.Rd2 Bg4 22.Bf3 Rad8
23.Bxg4 Rxd2 24.Qxd2 hxg4 25.Rd1 e4 26.Qd7 f5 27.Kf1 Kf7 28.Ke2 b6 29.Rd6 Kg7
30.a3 Kh6 31.Qc6 Qf7 32.Qd5 Qf8 33.Qd2+ Kg7 34.Rd7+ Re7 35.Qd4+ Kh7 36.Qd6  1-0

[Event "TCh-BEL 2010-11"]
[Site "Ghent BEL"]
[Date "2011.02.06"]
[Round "8.1"]
[White "Krush,I"]
[Black "Vandevoort,P"]
[Result "1-0"]
[WhiteElo "2490"]
[BlackElo "2377"]

1.d4 Nf6 2.c4 g6 3.Nc3 d5 4.Bg5 Bg7 5.Bxf6 Bxf6 6.cxd5 c6 7.e4 O-O 8.e5 Bg7
9.Bc4 b5 10.Bb3 b4 11.Na4 cxd5 12.Ne2 f6 13.h4 fxe5 14.dxe5 e6 15.f4 Ba6
16.Nc5 Bxe2 17.Qxe2 Qb6 18.Nxe6 Qxe6 19.Rd1 Kh8 20.Bxd5 Qf5 21.O-O Nd7 22.g4  1-0

[Event "US Amateur Team-ch East"]
[Site "Parsippany USA"]
[Date "2011.02.21"]
[Round "5"]
[White "Hutama,S"]
[Black "Krush,I"]
[Result "1/2-1/2"]
[WhiteElo "2079"]
[BlackElo "2483"]

1.g3 e5 2.Bg2 d5 3.d3 Nf6 4.b3 Bb4+ 5.c3 Be7 6.Bb2 c5 7.Nd2 O-O 8.Qc2 Nc6
9.e3 Be6 10.Ne2 Rc8 11.a3 b5 12.c4 bxc4 13.bxc4 d4 14.e4 Qa5 15.O-O Bd7 16.h3 Nd8
17.f4 Ba4 18.Qc1 Nd7 19.Nf3 f6 20.f5 Rb8 21.g4 Rb3 22.Ne1 Qb6 23.Ra2 Nf7
24.Ng3 Rb8 25.Rf2 Bd8 26.Bf1 Qa6 27.Nf3 Ba5 28.g5 Nxg5 29.Nxg5 fxg5 30.Qxg5 Qf6
31.Qg4 Qh6 32.f6 Nxf6 33.Qe6+ Kh8 34.Nf5 Bd7 35.Qxe5 Bxf5 36.Qxf5 Qe3 37.Kh1 h6
38.Ba1 Rxd3 39.Bxd3 Qxd3 40.Kg2 Nxe4 41.Rf3 Qxc4 42.Qf7 Qc1 43.Qe7 Qg5+ 44.Qxg5 hxg5
45.Re2 Nc3 46.Re5 Rb3 47.Rxc5 Rxa3 48.Bxc3 dxc3 49.Rf8+ Kh7 50.Rfc8 Bb4 51.R5c6 a5
52.Kf3 Ra1 53.Rb8 Rf1+ 54.Kg2 Rf7 55.Ra8 Rd7  1/2-1/2

[Event "ch-USA w Prelim"]
[Site "Saint Louis USA"]
[Date "2011.04.15"]
[Round "1"]
[White "Krush,I"]
[Black "Foisor,S"]
[Result "0-1"]
[WhiteElo "2472"]
[BlackElo "2350"]

1.d4 d5 2.c4 c6 3.Nf3 Nf6 4.e3 Bg4 5.Qb3 Qb6 6.Nc3 Bxf3 7.gxf3 e6 8.e4 Nbd7
9.Be3 dxe4 10.fxe4 Ng4 11.c5 Qc7 12.O-O-O Nxe3 13.fxe3 b6 14.cxb6 Qxb6 15.e5 Rb8
16.Bg2 Be7 17.Qc2 c5 18.Kb1 O-O 19.Be4 f5 20.exf6 Nxf6 21.Rhg1 cxd4 22.exd4 Rfc8
23.Qg2 Bf8 24.Na4 Qb4 25.Bc2 Qb7 26.Qe2 Kh8 27.Ka1 Qb5 28.Qd2 Rc4 29.Qd3 Rc7
30.Bb3 Rc1+  0-1

[Event "ch-USA w Prelim"]
[Site "Saint Louis USA"]
[Date "2011.04.16"]
[Round "2"]
[White "Krush,I"]
[Black "Abrahamyan,T"]
[Result "1-0"]
[WhiteElo "2472"]
[BlackElo "2326"]

1.d4 Nf6 2.Nf3 e6 3.c4 c5 4.d5 b5 5.dxe6 fxe6 6.cxb5 d5 7.Nc3 d4 8.Na4 Ne4
9.e3 Qa5+ 10.Bd2 Nxd2 11.Nxd2 dxe3 12.fxe3 Nd7 13.Qf3 Rb8 14.Nc3 Be7 15.Qh3 Nf6
16.Bc4 Qb6 17.O-O O-O 18.Nf3 Kh8 19.Ne5 Kg8 20.Nc6  1-0

[Event "ch-USA w Prelim"]
[Site "Saint Louis USA"]
[Date "2011.04.17"]
[Round "3"]
[White "Goletiani,R"]
[Black "Krush,I"]
[Result "0-1"]
[WhiteElo "2367"]
[BlackElo "2472"]

1.e4 c5 2.Nf3 d6 3.d4 cxd4 4.Nxd4 Nf6 5.Nc3 Nc6 6.Bg5 e6 7.Qd2 a6 8.O-O-O Bd7
9.f4 b5 10.e5 dxe5 11.fxe5 Nxe5 12.Re1 Qc7 13.Bxf6 gxf6 14.Ne4 Be7 15.Qh6 Ng6
16.Kb1 f5 17.Nc3 b4 18.Nd1 e5 19.Nf3 e4 20.Nd4 Qe5 21.Nb3 a5 22.Bc4 Rc8 23.Nd2 Bf6
24.g4 Bg7 25.Qe3 O-O 26.gxf5 Bxf5 27.Bb3 Rfd8 28.Rhf1 Kh8 29.h3 Ne7 30.Qf2 Bg6
31.Qg2 f5 32.Qg5 h6 33.Qe3 Bh5 34.Rg1 Bxd1 35.Rxg7 Qxg7 36.Rxd1 Qg5 37.Qe2 Nc6
38.c3 bxc3 39.bxc3 Ne5 40.Qb5 Qf6 41.Kc2 Rxc3+ 42.Kb1 Rcd3 43.h4 e3  0-1

[Event "ch-USA w Prelim"]
[Site "Saint Louis USA"]
[Date "2011.04.20"]
[Round "6"]
[White "Krush,I"]
[Black "Zenyuk,I"]
[Result "1-0"]
[WhiteElo "2472"]
[BlackElo "2245"]

1.d4 Nf6 2.Nf3 g6 3.c4 Bg7 4.Nc3 O-O 5.e4 d6 6.Be2 e5 7.O-O Nc6 8.d5 Ne7
9.Ne1 Nd7 10.Be3 f5 11.f3 f4 12.Bf2 g5 13.Rc1 a6 14.Nd3 b6 15.b4 Rf6 16.c5 Rh6
17.cxd6 cxd6 18.b5 Qe8 19.Kh1 a5 20.Na4 Rb8 21.Ndb2 Nf6 22.Nc4 Nh5 23.Qe1 Nxd5
24.exd5 e4 25.fxe4 g4 26.Naxb6 g3 27.Bxh5 Qxh5 28.Bxg3 fxg3 29.Qxg3 Bg4 30.Ne3 Be2
31.Nf5 Rg6 32.Ne7+ Kh8 33.Nxg6+ hxg6 34.Nd7 Bxf1 35.Nxb8 Bxb5 36.Nc6  1-0

[Event "ch-USA KO Women 3rd-4th"]
[Site "Saint Louis USA"]
[Date "2011.04.27"]
[Round "2.2"]
[White "Krush,I"]
[Black "Baginskaite,C"]
[Result "1/2-1/2"]
[WhiteElo "2472"]
[BlackElo "2342"]

1.d4 Nf6 2.c4 e6 3.Nc3 Bb4 4.Qc2 O-O 5.a3 Bxc3+ 6.Qxc3 b5 7.cxb5 c6 8.Bg5 cxb5
9.e3 Bb7 10.f3 a6 11.Bd3 h6 12.Bh4 Nc6 13.Ne2 Rc8 14.O-O g5 15.Bf2 d6 16.Qd2 Na5
17.Rac1 Rxc1 18.Qxc1 Bd5 19.Bb1 Qc8 20.Nc3 Bc4 21.Re1 e5 22.Be4 Nb3 23.Qc2 Nxe4
24.Nxe4 Qe6 25.dxe5 dxe5 26.Ng3 f5 27.e4 Nd4 28.Qd2 f4 29.Nf5 Nxf5 30.exf5 Rxf5
31.Qd8+ Rf8 32.Qc7 Rc8  1/2-1/2

[Event "Chicago Open"]
[Site "Wheeling USA"]
[Date "2011.05.28"]
[Round "4"]
[White "Krush,I"]
[Black "Iwu,O"]
[Result "1/2-1/2"]
[WhiteElo "2469"]
[BlackElo "2158"]

1.d4 Nf6 2.Nf3 e6 3.e3 b6 4.Bd3 Bb7 5.O-O Be7 6.c4 c5 7.Nc3 O-O 8.d5 d6 9.b3 e5
10.Nd2 Na6 11.f4 Nd7 12.f5 Nc7 13.Qh5 Nf6 14.Qf3 a6 15.g4 h6 16.Qg3 b5 17.h4 b4
18.Ne2 Nh7 19.Nf3 a5 20.a4 bxa3 21.Rxa3 Na6 22.Nc3 Nb4 23.Be2 Bc8 24.Ne4 f6
25.Nc3 Bd7 26.Kh2 Qe8 27.Bd1 Qf7 28.Rg1 Rfb8 29.Bd2 Kh8 30.Ra1 Rg8 31.Be2 Qe8
32.Qh3 Qf7 33.Ne4 Rgb8 34.Ng3 a4 35.bxa4 Bxa4 36.Rg2 Bc2 37.Rxa8 Rxa8 38.e4 Kg8
39.Rg1 Nd3 40.Bxd3 Bxd3 41.g5 hxg5 42.hxg5 Nxg5 43.Bxg5 fxg5 44.Qg4 Ra2+
45.Rg2 Rxg2+ 46.Kxg2 Bxc4 47.Nxg5 Bxg5 48.Qxg5 Qf6 49.Qg4 Qh6 50.f6 Qxf6
51.Qc8+ Kf7 52.Qd7+ Kf8 53.Qc8+ Kf7 54.Qd7+ Kg8 55.Qc8+ Kf7 56.Qd7+  1/2-1/2

[Event "Chicago Open"]
[Site "Wheeling USA"]
[Date "2011.05.28"]
[Round "5"]
[White "Veech,John"]
[Black "Krush,I"]
[Result "1/2-1/2"]
[WhiteElo "2108"]
[BlackElo "2469"]

1.d4 Nf6 2.c4 e6 3.g3 d5 4.Nf3 dxc4 5.Bg2 Nc6 6.Qa4 Bb4+ 7.Bd2 Nd5 8.Bxb4 Nxb4
9.Na3 O-O 10.O-O a6 11.Ne5 Qxd4 12.Nxc6 Nxc6 13.Bxc6 bxc6 14.Nxc4 Rb8 15.Qc2 a5
16.b3 Qc5 17.Rac1 Ba6 18.Qe4 Rb4 19.Qe5 Qxe5 20.Nxe5 Bxe2 21.Rfe1 Bb5 22.Nxc6 Bxc6
23.Rxc6 a4 24.Rxc7 axb3 25.axb3 Rxb3 26.h4 h5 27.Re5 g6 28.Ra5 Rd8 29.Kg2 Rdd3
30.Ra8+ Kg7 31.Re8 Rdc3 32.Ra7 Ra3  1/2-1/2

[Event "Chicago Open"]
[Site "Wheeling USA"]
[Date "2011.05.29"]
[Round "6"]
[White "Krush,I"]
[Black "Holt,C"]
[Result "1/2-1/2"]
[WhiteElo "2469"]
[BlackElo "2417"]

1.d4 d5 2.c4 c6 3.Nf3 Nf6 4.Nc3 dxc4 5.a4 Bf5 6.e3 e6 7.Bxc4 Bb4 8.O-O O-O
9.Nh4 Bg4 10.f3 Bh5 11.g4 Nd5 12.Qe1 Be7 13.Ng2 Bg6 14.Bd2 Nb4 15.Qe2 c5
16.dxc5 Bd3 17.Bxd3 Qxd3 18.Nf4 Qxe2 19.Ncxe2 N8c6 20.Rac1 e5 21.Nh5 Nd3
22.Rc2 Rfd8 23.Nhg3 Bxc5 24.Nc1 Ndb4 25.Rxc5 Rxd2 26.Rf2 Rad8 27.Ne4 Rxf2
28.Kxf2 Rd1 29.Ke2 Rh1 30.Nf2 Rxh2 31.Rb5 b6 32.a5 bxa5 33.Nb3 a4 34.Nc5 h5
35.gxh5 Rxh5 36.Nxa4 Rh4 37.Nc3 f5 38.Rb7 a5 39.Rd7 g5 40.Nd5 Kf8 41.Rd6 Rc4
42.Nxb4 Nxb4 43.Rf6+ Kg7 44.Rxf5 Rc2+ 45.Kf1 Kg6 46.Ng4 Rxb2 47.Rf8 Nd3 48.Rd8 e4
49.Rd6+ Kf7 50.fxe4 Nc5 51.Rd5 a4 52.Rxc5 a3 53.Rxg5 a2 54.Ra5 Rb1+  1/2-1/2

[Event "Chicago Open"]
[Site "Wheeling USA"]
[Date "2011.05.30"]
[Round "9"]
[White "Krush,I"]
[Black "Hess,Ro"]
[Result "0-1"]
[WhiteElo "2469"]
[BlackElo "2601"]

1.d4 e6 2.c4 Nf6 3.Nc3 Bb4 4.Qc2 O-O 5.a3 Bxc3+ 6.Qxc3 b6 7.Bg5 c5 8.dxc5 bxc5
9.e3 Bb7 10.Ne2 d6 11.Bxf6 Qxf6 12.Qxf6 gxf6 13.O-O-O Rd8 14.Nc3 a6 15.Be2 Kf8
16.Rhg1 Ke7 17.g4 Nd7 18.Rg3 Nb6 19.Rh3 Rab8 20.Rxh7 Rh8 21.Rh5 Rbg8 22.h4 Rxh5
23.gxh5 f5 24.h6 Nd7 25.h7 Rh8 26.Rg1 Rxh7 27.h5 Nf6 28.Rg5 Ng4 29.Bxg4 fxg4
30.Rxg4 Rxh5 31.Rg8 Bf3 32.Rg3 Rf5 33.b4 cxb4 34.axb4 Bb7 35.f4 a5 36.Rg8 axb4
37.Rb8 bxc3 38.Rxb7+ Kf6 39.Rd7 Rc5 40.Rxd6 Rxc4 41.Rd7 c2 42.Rb7 Rc3 43.e4 Rc4
44.e5+ Kg6 45.f5+ exf5 46.Rb6+ Kg5 47.Rf6 Rc7  0-1

[Event "Pinnacle 48th COCC"]
[Site "Toronto CAN"]
[Date "2011.07.10"]
[Round "2"]
[White "Song,Michael"]
[Black "Krush,I"]
[Result "0-1"]
[WhiteElo "2065"]
[BlackElo "2487"]

1.Nf3 Nf6 2.g3 g6 3.Bg2 Bg7 4.O-O O-O 5.c4 d6 6.Nc3 Nc6 7.d4 a6 8.e4 Bg4
9.Be3 Nd7 10.h3 Bxf3 11.Bxf3 e5 12.d5 Nd4 13.Bg2 c5 14.Bxd4 exd4 15.Ne2 b5
16.Rc1 Qa5 17.cxb5 axb5 18.a3 b4 19.a4 d3 20.Qxd3 Bxb2 21.Rb1 Bg7 22.f4 Qb6
23.Qb5 Qxb5 24.axb5 Rab8 25.e5 Rxb5 26.e6 Nb6 27.f5 gxf5 28.Rxf5 b3 29.Rbf1 fxe6
30.dxe6 Rxf5 31.Rxf5 Nc8 32.Be4 Rb4 33.Bb1 Ra4 34.Rf1 d5 35.Rc1 c4 36.Nf4 Ne7
37.Rd1 c3 38.Nxd5 Nxd5 39.Rxd5 c2 40.Bxc2 bxc2 41.Rd8+ Bf8 42.e7 c1=Q+ 43.Kg2 Qc2+  0-1

[Event "Pinnacle 48th COCC"]
[Site "Toronto CAN"]
[Date "2011.07.12"]
[Round "4"]
[White "Puri,V"]
[Black "Krush,I"]
[Result "0-1"]
[WhiteElo "2256"]
[BlackElo "2487"]

1.d4 Nf6 2.c4 g6 3.Nc3 Bg7 4.e4 d6 5.f3 a6 6.Be3 c6 7.a4 a5 8.Bd3 O-O 9.Nge2 Na6
10.Rc1 e5 11.d5 Nd7 12.g4 Bh6 13.Qd2 Bxe3 14.Qxe3 Ndc5 15.Bc2 Qb6 16.h4 f6
17.g5 Nb4 18.Kd2 Nxc2 19.Rxc2 Nb3+ 20.Kd3 Qb4 21.h5 cxd5 22.cxd5 b6 23.Nb5 Nc5+
24.Rxc5 bxc5 25.Nec3 Qxb2 26.hxg6 hxg6 27.Rb1 Qh2 28.Nxd6 Ba6+ 29.Ndb5 c4+
30.Kxc4 Qc2 31.d6 Rac8+ 32.Kd5 Bxb5 33.gxf6 Rxc3 34.Qa7 Qd2+ 35.Ke6 Bc4+
36.Kxe5 Qg5+ 37.Kd4 Qxf6+ 38.e5 Qxf3  0-1

[Event "Pinnacle 48th COCC"]
[Site "Toronto CAN"]
[Date "2011.07.13"]
[Round "5"]
[White "Krush,I"]
[Black "Zenyuk,I"]
[Result "1-0"]
[WhiteElo "2487"]
[BlackElo "2222"]

1.d4 Nf6 2.Nf3 g6 3.c4 Bg7 4.Nc3 O-O 5.e4 d6 6.Be2 e5 7.O-O Nc6 8.d5 Ne7
9.Ne1 Nd7 10.Be3 f5 11.f3 f4 12.Bf2 g5 13.Rc1 a6 14.b4 Rf6 15.Nd3 b6 16.c5 Rh6
17.Kh1 Qe8 18.cxd6 cxd6 19.Bg1 Rb8 20.Nf2 Rg6 21.b5 a5 22.Na4 h5 23.Nd3 Kh7
24.Ndb2 Qd8 25.Nc4 Bh6 26.Qd2 g4 27.Naxb6 gxf3 28.Bxf3 Nxb6 29.Bxb6 Qg8 30.Bc7 Rxb5
31.Nxd6  1-0

[Event "Pinnacle 48th COCC"]
[Site "Toronto CAN"]
[Date "2011.07.14"]
[Round "6"]
[White "Krush,I"]
[Black "Sambuev,B"]
[Result "1/2-1/2"]
[WhiteElo "2487"]
[BlackElo "2528"]

1.d4 d5 2.c4 c6 3.Nc3 Nf6 4.Nf3 dxc4 5.a4 e6 6.e4 Bb4 7.e5 Nd5 8.Bd2 b5 9.axb5 Bxc3
10.bxc3 cxb5 11.Ng5 h6 12.Ne4 O-O 13.Nd6 Bd7 14.h4 Nc6 15.Rh3 f5 16.Nxb5 Nxe5
17.Nd6 Ng4 18.Nxc4 Qc7 19.Be2 e5 20.Nxe5 Nxe5 21.dxe5 f4 22.Rd3 Nb6 23.c4 Be6
24.Bb4 Bxc4 25.Bd6 Qf7 26.Rc3 Rfe8 27.Kf1 Rad8 28.Bd3 Bxd3+ 29.Rxd3 Nc4 30.Rd4 Rc8
31.Qf3 Nxe5 32.Qxf4 Qxf4 33.Rxf4 Rcd8 34.Bxe5 Rxe5 35.g4 a5 36.h5 Rc5 37.Kg2 Rf8
38.Rfa4 Rc2 39.Rf1 Rc5 40.Rfa1 Rc2 41.Rf1 Rc5  1/2-1/2

[Event "Pinnacle 48th COCC"]
[Site "Toronto CAN"]
[Date "2011.07.17"]
[Round "9"]
[White "Krush,I"]
[Black "Gusev,N"]
[Result "1-0"]
[WhiteElo "2487"]
[BlackElo "2071"]

1.Nf3 Nf6 2.c4 e6 3.Nc3 Bb4 4.Qc2 O-O 5.a3 Bxc3 6.Qxc3 d6 7.g3 b6 8.Bg2 Bb7
9.b4 a5 10.Bb2 e5 11.O-O Nbd7 12.d3 Re8 13.e4 Nf8 14.b5 Ne6 15.Nh4 Nd4 16.Rae1 Nd7
17.Bc1 c6 18.bxc6 Bxc6 19.Be3 Ne6 20.d4 exd4 21.Bxd4 Nxd4 22.Qxd4 Qf6 23.Nf5 Re6
24.Rd1 Rd8 25.Qxf6 Nxf6 26.Nd4 Bxe4 27.Nxe6 fxe6 28.Bxe4 Nxe4 29.Rfe1 Nc5
30.Rb1 Rb8 31.Red1 Ne4 32.Rb3 Nc5 33.Rb5 Ne4 34.Re1 Nc5 35.Reb1 Nd7 36.Rd1 Ne5
37.Rxd6 Nxc4 38.Rxe6 Rc8 39.Re7 Rc6 40.Rg5 g6 41.Rd5 Rc8 42.a4  1-0

[Event "Manhattan Open"]
[Site "New York USA"]
[Date "2011.08.18"]
[Round "3"]
[White "Krush,I"]
[Black "Mulyar,M"]
[Result "1/2-1/2"]
[WhiteElo "2486"]
[BlackElo "2410"]

1.c4 e5 2.Nc3 Nc6 3.g3 g6 4.Bg2 Bg7 5.e3 f5 6.Nge2 Nf6 7.Rb1 a5 8.d4 d6 9.O-O O-O
10.a3 Ne7 11.b4 axb4 12.axb4 c6 13.b5 Be6 14.Qb3 e4 15.Ba3 Bf7 16.Qb4 Nc8
17.f3 exf3 18.Bxf3 d5 19.bxc6 bxc6 20.cxd5 cxd5 21.Nb5 Re8 22.Qb3 Rb8  1/2-1/2

[Event "Manhattan Open"]
[Site "New York USA"]
[Date "2011.08.20"]
[Round "6"]
[White "Krush,I"]
[Black "Kudrin,S"]
[Result "1/2-1/2"]
[WhiteElo "2486"]
[BlackElo "2547"]

1.c4 e5 2.Nc3 c5 3.Nf3 Nc6 4.e3 Nf6 5.a3 d5 6.cxd5 Nxd5 7.Qc2 Be7 8.Bb5 Qd6
9.O-O Nf6 10.b3 O-O 11.Bb2 Bd7 12.Bd3 g6 13.Ng5 Bg4 14.Nce4 Nxe4 15.Nxe4 Qd7
16.Bb5 Bf5 17.d3 Nd4 18.exd4 Qxb5 19.a4 Qc6 20.dxe5 Rad8 21.Rfd1 Rd5 22.Ng3 Be6
23.Ne4 Bf5 24.Re1 Rfd8 25.Rad1 Qd7 26.Nf6+ Bxf6 27.exf6 Rxd3 28.Rxd3 Qxd3
29.Qxc5 h5 30.Qc3 Qxc3 31.Bxc3 Bc2 32.a5 Bxb3 33.h4 Rd1  1/2-1/2

[Event "Manhattan Open"]
[Site "New York USA"]
[Date "2011.08.21"]
[Round "9"]
[White "Zenyuk,I"]
[Black "Krush,I"]
[Result "0-1"]
[WhiteElo "2222"]
[BlackElo "2486"]

1.d4 d6 2.Nf3 g6 3.c4 Bg7 4.e4 Bg4 5.d5 c5 6.Be2 Nf6 7.Nc3 O-O 8.O-O Nbd7
9.Ng5 Bxe2 10.Qxe2 a6 11.f4 Ne8 12.a4 Nc7 13.Ra3 b5 14.cxb5 axb5 15.Nxb5 Nxb5
16.Qxb5 Rb8 17.Qe2 Rb4 18.a5 Qb8 19.e5 dxe5 20.f5 Nf6 21.fxg6 hxg6 22.a6 Nxd5
23.a7 Qa8 24.Qf3 Nf4 25.Nxf7 Kxf7 26.g3 Qxf3 27.Rfxf3 Ra8 28.gxf4 e4 29.Rg3 Bd4+
30.Kf1 Rb7 31.Ke2 Raxa7 32.Rxa7 Rxa7 33.Rb3 Kf6 34.Bd2 Ra1 35.Rb6+ e6 36.Bc3 Rh1
37.Rd6 Rxh2+ 38.Ke1 Kf5 39.Bxd4 cxd4 40.Rxd4 Rxb2 41.Rd6 e3 42.Ra6 Ke4 43.Rxe6+ Kf3
44.Kd1 e2+ 45.Kc1 Ra2 46.Kb1 Rd2  0-1

[Event "US Chess League 2011"]
[Site "ICC INT"]
[Date "2011.11.02"]
[Round "10"]
[White "Bartell,T"]
[Black "Krush,I"]
[Result "1/2-1/2"]
[WhiteElo "2342"]
[BlackElo "2472"]

1.Nf3 c5 2.c4 Nc6 3.Nc3 g6 4.g3 Bg7 5.Bg2 e5 6.d3 Nge7 7.Bg5 h6 8.Bxe7 Nxe7
9.Nd2 d6 10.Nf1 a6 11.Ne3 Rb8 12.a4 a5 13.Ned5 Nc6 14.e3 O-O 15.O-O f5 16.f4 g5
17.fxg5 Qxg5 18.Kh1 Kh8 19.Qe2 Be6 20.Rf2 Rf7 21.Raf1 Rbf8 22.Nb5 Qd8 23.Qh5 Nb4
24.Nxb4 axb4 25.Bd5 Bxd5+ 26.cxd5 Qd7 27.b3 Rf6  1/2-1/2

[Event "US Chess League 2011 Playoff"]
[Site "ICC INT"]
[Date "2011.11.20"]
[Round "3"]
[White "Krush,I"]
[Black "Gurevich,D"]
[Result "1/2-1/2"]
[WhiteElo "2476"]
[BlackElo "2475"]

1.d4 d5 2.c4 e6 3.Nc3 Be7 4.cxd5 exd5 5.Bf4 Nf6 6.e3 O-O 7.Nf3 Bf5 8.Ne5 c5
9.g4 cxd4 10.exd4 Be6 11.Bg2 Qb6 12.O-O Qxb2 13.Qd3 Qa3 14.g5 Nfd7 15.Nxd5 Nxe5
16.Qxa3 Bxa3 17.Bxe5 Nc6 18.Nc7 Rad8 19.d5 Bxd5 20.Bxg7 Bxg2 21.Bxf8 Bxf1
22.Bxa3 Bh3 23.Bb2 Nd4 24.f4 Ne2+ 25.Kf2 Nxf4 26.Kg3 Ne6 27.Nxe6 Bxe6 28.a4 h6
29.gxh6 Kh7 30.Bg7 Rd3+ 31.Kf4 Rh3 32.a5 a6 33.Ke5 Rxh2 34.Kf6 Rf2+ 35.Ke7 Rf5
36.Ra3 Rd5 37.Kf6 Rf5+ 38.Ke7 Rc5 39.Kf6 Rc6 40.Ke7 Rc7+ 41.Kf6 Rc5 42.Ra1 Bb3
43.Ra3 Rb5 44.Ra1 Be6 45.Ke7 Rf5 46.Ra3 Rf1 47.Ra4 Bd5 48.Rd4 Rf5 49.Ra4 Bc6
50.Ra1 Rf3 51.Ra2 Re3+ 52.Kf6 Rf3+ 53.Ke7 f5 54.Kf6 f4 55.Re2 Re3 56.Rxe3 fxe3
57.Kg5 e2 58.Bc3 Be4 59.Bd2 Kg8 60.Kf6 Kf8 61.Bb4+ Ke8 62.Ke6 Kd8 63.Kd6 Bh7
64.Be1 Ke8 65.Kc7 Be4 66.h7 Bxh7 67.Kxb7 Bd3 68.Kc6 Ke7 69.Kd5 Kf6 70.Kd4 Bb5
71.Kc3 Ke5 72.Kd2 Kd4 73.Bf2+ Kd5 74.Ke1  1/2-1/2

[Event "CCSCSL Invitational"]
[Site "Saint Louis USA"]
[Date "2011.11.30"]
[Round "2.1"]
[White "Krush,I"]
[Black "Arnold,Mar"]
[Result "1/2-1/2"]
[WhiteElo "2476"]
[BlackElo "2504"]

1.d4 e6 2.c4 Bb4+ 3.Nc3 f5 4.g3 Nf6 5.Bg2 O-O 6.Qc2 Qe7 7.Nf3 d6 8.a3 Bxc3+
9.Qxc3 Bd7 10.Ng5 Bc6 11.f3 Nbd7 12.b4 b6 13.O-O Bb7 14.Bb2 Rac8 15.e4 h6
16.Nh3 fxe4 17.Nf4 Qf7 18.Bh3 Rce8 19.d5 exd5 20.cxd5 Bxd5 21.Qxc7 Ne5 22.Nxd5 Nxd5
23.Qxf7+ Nxf7 24.fxe4 Ne3 25.Rf3 Rxe4 26.Re1 Rfe8 27.Rf2 d5 28.Bc1 d4 29.Bxe3 dxe3
30.Rc2 Nd6 31.Bf1 R4e5 32.Bd3 Rd5 33.Rc3 a5 34.Bg6 Re6 35.Bc2 b5 36.Bb3 Nc4
37.Bxc4 bxc4 38.bxa5 Rd3 39.Rxc4 Rxa3 40.Re2 Rxa5  1/2-1/2

[Event "CCSCSL Invitational"]
[Site "Saint Louis USA"]
[Date "2011.11.30"]
[Round "3.4"]
[White "Yang,Dar"]
[Black "Krush,I"]
[Result "1/2-1/2"]
[WhiteElo "2442"]
[BlackElo "2476"]

1.d4 Nf6 2.c4 e6 3.Nc3 Bb4 4.e3 O-O 5.Ne2 d5 6.a3 Be7 7.Nf4 dxc4 8.Bxc4 c5
9.O-O Nc6 10.dxc5 Bxc5 11.b4 Bd6 12.Bb2 Qe7 13.Qe2 b6 14.Rfd1 Bb7 15.Rac1 Rac8
16.Nb5 Bb8 17.Nh5 Nxh5 18.Qxh5 Rfd8 19.Bb3 h6 20.Nd4 Nxd4 21.Rxc8 Rxc8 22.Rxd4 Qg5
23.Qxg5 hxg5 24.Rc4 b5 25.Rxc8+ Bxc8 26.f3 f6 27.Kf2 Kf7 28.h3 Ke7  1/2-1/2